What is mathematics: an elementary approach to ideas and methods by Richard Courant and Herbert Robbins
Saved in:
| Main Authors: | , |
|---|---|
| Format: | Bog |
| Sprog: | engelsk |
| Udgivet: |
Londres
Oxford University
1941
|
| Fag: | |
| Tags: |
Tilføj Tag
Ingen Tags, Vær først til at tagge denne postø!
|
MARC
| LEADER | 00000nam a2200000 a 4500 | ||
|---|---|---|---|
| 001 | UCW0955 | ||
| 003 | CL-VaPUC | ||
| 008 | 900713e19410000UK |||||||||||||||||eng|d | ||
| 082 | 0 | 4 | |a 510 |b COU |2 21 |
| 100 | 0 | |a Courant, Richard |e author |9 304872 | |
| 700 | 0 | |a Robbins, Herbert |e author |9 304873 | |
| 245 | 1 | 0 | |a What is mathematics: an elementary approach to ideas and methods by Richard Courant and Herbert Robbins |
| 300 | |a 521 p | ||
| 942 | |c BK | ||
| 945 | |d 19900713 00:00:00 | ||
| 260 | |a Londres |b Oxford University |c 1941 | ||
| 650 | 0 | |a Matemática |9 260235 | |
| 650 | 0 | |a Geometría |9 264063 | |
| 650 | 0 | |a Cálculo |9 260234 | |
| 650 | 0 | |a Números |9 265328 | |
| 583 | |a last modification |c 19900713 00:00:00 |k Rodrigo Vera | ||
| 999 | |c 215958 |d 215956 | ||
| 952 | |0 0 |1 0 |4 0 |6 510_000000000000000_COU_1941 |7 0 |8 A |9 201257 |a BIBMAT |b BIBMAT |d 2019-11-14 |i 2684381 |o 510 COU 1941 |p 2684381 |r 2025-01-07 |w 2019-11-14 |y BK |k MAT | ||